Concise medical physiology / (Record no. 37221)

MARC details
000 -LEADER
fixed length control field 00756nam a22002177a 4500
005 - DATE AND TIME OF LATEST TRANSACTION
control field 20100722141417.0
010 ## - LCCN (DPL NO)
LC control number ENG-96442
020 ## - INTERNATIONAL STANDARD BOOK NUMBER
International Standard Book Number 8173811393
Terms of availability 735.00
035 ## - SYSTEM CONTROL NUMBER
System control number EN-79975
037 ## - SOURCE OF ACQUISITION
Source of stock number/acquisition DBAD/PUB
082 ## - DEWEY DECIMAL CLASSIFICATION NUMBER
Classification number 612.22
100 ## - MAIN ENTRY--PERSONAL NAME
Personal name Chaudhuri, Sujit K.
245 ## - TITLE STATEMENT
Title Concise medical physiology /
Statement of responsibility, etc by Sujit K. Chaudhuri
250 ## - EDITION STATEMENT
Edition statement 6th ed
260 ## - PUBLICATION, DISTRIBUTION, ETC. (IMPRINT)
Place of publication, distribution, etc Kolkata
Name of publisher, distributor, etc New Central Book Agency
Date of publication, distribution, etc 2009
270 ## - ADDRESS
Address 8/1 Chintamoni Da Lane,
City Kolkata
Postal code 700009
300 ## - PHYSICAL DESCRIPTION
Extent 752p. :
Other physical details ill.
Dimensions 28cm.(pbk)
500 ## - GENERAL NOTE
General note includes index
942 ## - ADDED ENTRY ELEMENTS (KOHA)
Source of classification or shelving scheme Dewey Decimal Classification
Item type English Books
Classification part 612.22
Call number suffix CHA
Holdings
Withdrawn status Lost status Not for loan Collection code Home library Current library Date acquired Source of acquisition Cost, normal purchase price Full call number Barcode Copy number Cost, replacement price Koha item type
    Not For Loan Non-fiction D.B.Act.Division D.B.Act.Division 22/07/2010 DBAD/PUB 735.00 612.22 CHA EN-79975 1 735.00 English Books

© Delhi Public Library
Hit Counter
free hit counter